000 00554nam a2200205Ia 4500
003 OSt
005 20230419093638.0
008 210423s2010 xx 000 0 und d
020 _a9788176256216
040 _cAL
041 _aeng
082 _a820.954 RANH
100 _aRANDHAWA (Harbir Singh).
_990350
245 _aDalit literature: contents trends and concerns.
260 _aNew Delhi
_bSarup & sons
_c2010
300 _ax,252
_bPB
365 _b850
_cINR
906 _aconcerns. ; contents ; Dalit ; literature: ; trends
942 _2ddc
_cBK
999 _c160123
_d160123